000 00344nam a2200121Ia 4500
008 220217s9999 xx 000 0 und d
245 0 _aChloroprene Rubber (CR)-General purpose types- Evaluation procedure.
260 _c2002
500 _aStandard number: IS 15076 ISO 2475; 1999
650 _aChloroprene rubber
650 _aCR
942 _cST
999 _c73560
_d73560